Kama rasayana (Record no. 240804)

MARC details
000 -LEADER
fixed length control field 03544nam a22002657a 4500
005 - DATE AND TIME OF LATEST TRANSACTION
control field 20260121161732.0
008 - FIXED-LENGTH DATA ELEMENTS--GENERAL INFORMATION
fixed length control field 260121b |||||||| |||| 00| 0 eng d
040 ## - CATALOGING SOURCE
Transcribing agency AL
041 ## - LANGUAGE CODE
Language code of text/sound track or separate title kan
082 ## - DEWEY DECIMAL CLASSIFICATION NUMBER
Classification number K894.3
Item number TARK
100 ## - MAIN ENTRY--PERSONAL NAME
Personal name Tarun Tejpal
100 ## - MAIN ENTRY--PERSONAL NAME
9 (RLIN) 252126
100 ## - MAIN ENTRY--PERSONAL NAME
9 (RLIN) 252011
Dates associated with a name ತರುಣ್ ತೇಜಪಾಲ್
245 ## - TITLE STATEMENT
Title Kama rasayana
Remainder of title : ಕಾಮರಸಾಯನ
260 ## - PUBLICATION, DISTRIBUTION, ETC.
Place of publication, distribution, etc. Bengaluru
Name of publisher, distributor, etc. Srushti Publications
Date of publication, distribution, etc. 2025
300 ## - PHYSICAL DESCRIPTION
Extent xvi,719p
Other physical details PB
Dimensions 23x15.5cm
365 ## - TRADE PRICE
Source of price type code Kannada
Price type code KSCR-000701
Price amount ₹680.00
Currency code
Unit of pricing ₹850.00
Price note 20%
Price effective from 13-01-2026
520 ## - SUMMARY, ETC.
Summary, etc. Kamarasayana" (ಕಾಮರಸಾಯನ) ಎನ್ನುವುದು ತರುಣ್ ಜೆ. ತೇಜ್‌ಪಾಲ್ ಅವರ ಪ್ರಸಿದ್ಧ ಇಂಗ್ಲಿಷ್ ಕಾದಂಬರಿ "The Alchemy of Desire" ನ ಕನ್ನಡ ಅನುವಾದವಾಗಿದೆ. ಈ ಕಾದಂಬರಿಯು ಕಾಮನೆ, ಪ್ರೇಮ ಮತ್ತು ಮಾನವನ ಆಸೆಗಳ ಸಂಕೀರ್ಣತೆಯನ್ನು ಅನ್ವೇಷಿಸುತ್ತದೆ. <br/>ಕಾದಂಬರಿಯ ಸಾರಾಂಶ (Summary)<br/>ಕಥಾವಸ್ತು: ಇದು 20ನೇ ಶತಮಾನದ ಅಂತ್ಯದ ಭಾರತದ ಹಿನ್ನೆಲೆಯಲ್ಲಿ ನಡೆಯುವ ಕಥೆ. ಒಬ್ಬ ಬಡ ಬರಹಗಾರ ಮತ್ತು ಅವನ ಸುಂದರಿ ಪತ್ನಿ ಹಿಮಾಲಯದ ತಪ್ಪಲಿನಲ್ಲಿರುವ ಹಳೆಯ ಬಂಗಲೆಗೆ ವಾಸ್ತವ್ಯ ಬದಲಾಯಿಸುತ್ತಾರೆ.<br/>ಪತ್ತೆಯಾಗುವ ರಹಸ್ಯ: ಬಂಗಲೆಯ ನವೀಕರಣದ ಸಮಯದಲ್ಲಿ, ಅವರಿಗೆ ಹಳೆಯ ದಿನಚರಿಗಳು (diaries) ಸಿಗುತ್ತವೆ. ಇವು ಒಬ್ಬ ಅಮೇರಿಕನ್ ಮಹಿಳೆಯ ಸಾಹಸಮಯ ಜೀವನ ಮತ್ತು<br/>ರಹಸ್ಯಗಳನ್ನು ಒಳಗೊಂಡಿರುತ್ತವೆ.<br/>ಬದಲಾಗುವ ಜೀವನ: ಈ ದಿನಚರಿಗಳನ್ನು ಓದುತ್ತಾ ಬರಹಗಾರನು ತನ್ನ ಪತ್ನಿಯಿಂದ ದೂರವಾಗಿ, ಹಳೆಯ ಕಾಲದ ಆ ರಹಸ್ಯ ಲೋಕದಲ್ಲಿ ಮುಳುಗಿಹೋಗುತ್ತಾನೆ. ಇದು ಪ್ರಸ್ತುತ ಜೀವನ ಮತ್ತು ಗತಕಾಲದ ನಡುವಿನ ಸಂಘರ್ಷವನ್ನು ಚಿತ್ರಿಸುತ್ತದೆ.<br/>ಥೀಮ್: ಲೈಂಗಿಕತೆ, ಮಹತ್ವಾಕಾಂಕ್ಷೆ ಮತ್ತು ಪ್ರೀತಿಯ ನಡುವಿನ ಅತೀಂದ್ರಿಯ ರಸಾಯನಶಾಸ್ತ್ರವನ್ನು (alchemy) ಈ ಪುಸ್ತಕವು ಅತ್ಯಂತ ಮುಕ್ತವಾಗಿ ಮತ್ತು ಪ್ರಬಲವಾಗಿ ವಿವರಿಸುತ್ತದೆ. <br/>ಪುಸ್ತಕದ ಚಿತ್ರಗಳು (Images)<br/>ಕನ್ನಡ ಆವೃತ್ತಿಯ ಮುಖಪುಟವು ಮೂಲ ಇಂಗ್ಲಿಷ್ ಆವೃತ್ತಿಯಂತೆಯೇ ಇರುತ್ತದೆ ಅಥವಾ ಪ್ರಾದೇಶಿಕ ವಿನ್ಯಾಸವನ್ನು ಹೊಂದಿರುತ್ತದೆ. 2026ರ ಲಭ್ಯತೆಯ ಪ್ರಕಾರ ಚಿತ್ರಗಳು ಇಲ್ಲಿವೆ:<br/>. <br/>
650 ## - SUBJECT ADDED ENTRY--TOPICAL TERM
Topical term or geographic name entry element Alchemy of Desire
9 (RLIN) 252012
650 ## - SUBJECT ADDED ENTRY--TOPICAL TERM
Topical term or geographic name entry element Kannada Romantic Novel
9 (RLIN) 252013
650 ## - SUBJECT ADDED ENTRY--TOPICAL TERM
Topical term or geographic name entry element Alchemy of Desire
9 (RLIN) 252019
650 ## - SUBJECT ADDED ENTRY--TOPICAL TERM
Topical term or geographic name entry element Translated in English to Kannada
9 (RLIN) 252021
700 ## - ADDED ENTRY--PERSONAL NAME
Personal name Rahu
9 (RLIN) 252014
700 ## - ADDED ENTRY--PERSONAL NAME
Personal name ರಾಹು tr
9 (RLIN) 252015
942 ## - ADDED ENTRY ELEMENTS (KOHA)
Source of classification or shelving scheme Dewey Decimal Classification
Koha item type Book
Holdings
Withdrawn status Lost status Source of classification or shelving scheme Damaged status Not for loan Collection code Home library Current library Shelving location Date acquired Source of acquisition Cost, normal purchase price Total Checkouts Full call number Barcode Date last seen Date last checked out Cost, replacement price Price effective from Koha item type
    Dewey Decimal Classification     Kannada St Aloysius Library St Aloysius Library Stack Section 01/14/2026 Navakarnataka Publication Pvt Ltd Mangalore 680.00 1 K894.3 TARK 078046 02/10/2026 02/06/2026 850.00 01/13/2026 Book